| 000 | 00000nam##2200000za#4500 |
| 001 | 9.569917 |
| 003 | CaOODSP |
| 005 | 20210624182008 |
| 007 | cr ||||||||||| |
| 008 | 150406|2001||||xxc|||||o f|0| 0 eng|d |
| 040 | |aCaOODSP|beng |
| 043 | |an-cn--- |
| 086 | 1 |aNH18-1-2/93-2001E-PDF |
| 110 | 2 |aCanada Mortgage and Housing Corporation. |
| 245 | 10|aCement skin-EPS core building system : |h[electronic resource]|bproof of concept testing - preliminary structural evaluation, final report / |cby Emmanuel Blain-Cosgrove. |
| 260 | |aOttawa - Ontario : |bCanada Mortgage and Housing Corporation |cNovember 2001. |
| 300 | |a58p.|bfigs., graphs, tables, photographs |
| 490 | 1 |aResearch report |
| 546 | |a(Résumé en français.) |
| 590 | |a11-25-Supp|b2011-10-31 |
| 720 | 1 |aBlain-Cosgrove, Emmanuel |
| 830 | #0|aResearch report (Canada Mortgage and Housing Corporation : Online)|w(CaOODSP)9.506068 |
| 856 | 40|ahttp://publications.gc.ca|qPDF|s1.25 MB|uhttps://publications.gc.ca/collections/collection_2011/schl-cmhc/nh18-1-2/NH18-1-2-93-2001-eng.pdf |